000 00352 a2200157 4500
001 61141
020 _a9783468474415
040 _cAnchieta - Pituba
100 _aSchuring, Cordula
240 1 0 _aLogisch!
_lpor
245 1 0 _aLogisch!
300 _a128
362 0 _a2010
650 4 _aLínguas germânicas (teutônicas) língua alemã
942 _cBK
999 _c61141
_d61141